|
|
|
|
| LEADER |
01323nam a2200277 a 4500 |
| 001 |
979241 |
| 008 |
850819r19811981enka b 000 0 eng d |
| 010 |
|
|
|a 85194145
|
| 020 |
|
|
|a 0905347277 (pbk.)
|
| 040 |
|
|
|a DLC
|c DLC
|d DLC
|
| 082 |
0 |
0 |
|a 363.6/1
|2 19
|
| 245 |
0 |
0 |
|a Water, sanitation, health, for all? :
|b prospects for the International Drinking Water Supply and Sanitation Decade, 1981-90 /
|c Anil Agarwal ... [et al.].
|
| 260 |
|
|
|a London ;
|a Washington, DC :
|b International Institute for Environment and Development,
|c [c1981]
|g (1985 printing)
|
| 300 |
|
|
|a 145 p. :
|b ill. ;
|c 21 cm.
|
| 490 |
1 |
|
|a An Earthscan paperback
|
| 500 |
|
|
|a Reprint. Originally published: London : Earthscan, 1981.
|
| 504 |
|
|
|a Bibliography: p. 145.
|
| 541 |
1 |
|
|e 00003937
|
| 650 |
|
0 |
|a International Drinking Water Supply and Sanitation Decade, 1981-1990
|z Developing countries.
|
| 650 |
|
0 |
|a Drinking water
|x Contamination
|z Developing countries.
|
| 650 |
|
0 |
|a Water-supply
|z Developing countries.
|
| 650 |
|
0 |
|a Sanitation
|z Developing countries.
|
| 700 |
1 |
|
|a Agarwal, Anil.
|
| 852 |
4 |
|
|a <add your library>
|j <shelf mark>
|
| 999 |
|
|
|c 577
|d 577
|
| 952 |
|
|
|0 0
|1 0
|2 ddc
|4 0
|6 363_610000000000000_WAT_1985
|7 0
|9 527
|a BRACUL
|b BRACUL
|c GEN
|d 2009-05-11
|g 0.00
|l 0
|o 363.61 WAT
|p 3010003937
|r 2009-05-11
|t 1
|w 2009-05-11
|y BK
|x No price found in the accession register.
|